Vzťah vzájomnej nadriadenosti a podriadenosti medzi starostom obce a riaditeľkou školy
Väčšina škôl v zriaďovateľskej pôsobnosti obcí sú právnickými osobami s vlastnou právnou subjektivitu. Zákon však určuje i to, ktoré školy vlastnou právnou subjektivitou nedisponujú. V oboch prípadoch v praxi často nastáva situácia, kedy medzi starostom obce, ktorá je zriaďovateľom tej-ktorej školy,...
Salvato in:
| Autore principale: | |
|---|---|
| Natura: | Capitolo di libro |
| Lingua: | slovacco |
| Soggetti: | |
| Tags: |
Nessun Tag, puoi essere il primo ad aggiungerne!!
|
MARC
| LEADER | 00000naa a2200000 4500 | ||
|---|---|---|---|
| 001 | 0296926 | ||
| 005 | 20240417075252.6 | ||
| 041 | 0 | |a slo | |
| 044 | |a SK | ||
| 245 | 1 | 0 | |a Vzťah vzájomnej nadriadenosti a podriadenosti medzi starostom obce a riaditeľkou školy |c Jozef Tekeli |
| 520 | |a Väčšina škôl v zriaďovateľskej pôsobnosti obcí sú právnickými osobami s vlastnou právnou subjektivitu. Zákon však určuje i to, ktoré školy vlastnou právnou subjektivitou nedisponujú. V oboch prípadoch v praxi často nastáva situácia, kedy medzi starostom obce, ktorá je zriaďovateľom tej-ktorej školy, a riaditeľkou školy je blízky vzťah (najčastejšie manželský). K takejto právnej situácii dochádza v prípade, keď je manželka starostu (najčastejšie) malej obce zvolená za riaditeľku školy počas funkčného obdobia starostu. | ||
| 610 | 2 | 0 | |a úpravy právne |
| 610 | 2 | 0 | |a školstvo |
| 610 | 2 | 0 | |a nadriadení |
| 610 | 2 | 0 | |a podriadení |
| 610 | 2 | 0 | |a starostovia |
| 610 | 2 | 0 | |a riaditelia |
| 100 | 1 | |a Tekeli, Jozef | |